00937nam a2200217 a 450000500170000000800410001702000150005804000240007304100080009704400070010508200190011211000810013124501360021226000310034830000910037950000220047050400420049265000510053465000650058565000690065020160422095231.0090616s2007 ck ab gr 00010 spa d a9588323134 aCO-BoBLA cCO-BoBLA0 aspa ack04a631.44 bI59s42 aInstituto Geográfico "Agustín Codazzi". b, Subdirección Agrológica.10aEstudio semidetallado de suelos de las áreas : bpotencialmente agrícolas, Magdalena Medio, Departamento de Antioquia / cIGAC.3 aBogotá : bIGAC, c2007. a274, [49] páginas : bilustraciones color y mapas a color ; c28 x 21 centímetros aIncluye glosario. aIncluye referencias bibliográficas.14aSuelosz Magdalena Medio (Antioquia, Colombia)26aAnálisis del sueloz Magdalena Medio (Antioquia, Colombia)24aSuelosv Clasificaciónz Magdalena Medio (Antioquia, Colombia)